000 00356pab a2200157 454500
008 180718b2011 xxu||||| |||| 00| 0 eng d
100 _aRao, Nandini
245 _a50 years on dowry is still with us
260 _c2011
300 _ap.12-13.
362 _aMar
650 _aSocial problems
773 _aSocial Welfare
908 _aN
909 _a90989
999 _c90989
_d90989